| 000 -LEADER |
| fixed length control field |
00864cam a2200253 a 4500 |
| 001 - CONTROL NUMBER |
| control field |
.b1911400x |
| 003 - CONTROL NUMBER IDENTIFIER |
| control field |
OCoLC |
| 005 - DATE AND TIME OF LATEST TRANSACTION |
| control field |
20191227100308.0 |
| 008 - FIXED-LENGTH DATA ELEMENTS--GENERAL INFORMATION |
| fixed length control field |
930601t19941984nyuab j 000 1 eng |
| 010 ## - LIBRARY OF CONGRESS CONTROL NUMBER |
| LC control number |
93014302 |
| 020 ## - INTERNATIONAL STANDARD BOOK NUMBER |
| International Standard Book Number |
9780060234935 |
| 040 ## - CATALOGING SOURCE |
| Original cataloging agency |
DLC |
| Transcribing agency |
DLC |
| Modifying agency |
JBW |
| 042 ## - AUTHENTICATION CODE |
| Authentication code |
lcac |
| 082 ## - DEWEY DECIMAL CLASSIFICATION NUMBER |
| Classification number |
FIC LEW |
| 100 1# - MAIN ENTRY--PERSONAL NAME |
| Personal name |
Lewis, C. S. |
| Fuller form of name |
(Clive Staples), |
| Dates associated with a name |
1898-1963. |
| Relator term |
author |
| 245 14 - TITLE STATEMENT |
| Title |
The last battle / |
| Statement of responsibility, etc. |
C.S. Lewis ; illustrated by Pauline Baynes. |
| 260 ## - PUBLICATION, DISTRIBUTION, ETC. |
| Place of publication, distribution, etc. |
New York : |
| Name of publisher, distributor, etc. |
HarperCollins, |
| Date of publication, distribution, etc. |
[1994], c1984. |
| 300 ## - PHYSICAL DESCRIPTION |
| Extent |
211 p. : |
| Other physical details |
ill., map ; |
| Dimensions |
24 cm. |
| 440 ## - SERIES STATEMENT/ADDED ENTRY--TITLE |
| Title |
The Chronicles of Narnia ; |
| Number of part/section of a work |
bk. 7. |
| 520 ## - SUMMARY, ETC. |
| Summary, etc. |
When evil comes to Narnia, Jill and Eustace help fight the great last battle and Aslan leads his people to a glorious new paradise. |
| 650 #0 - SUBJECT ADDED ENTRY--TOPICAL TERM |
| Topical term or geographic name entry element |
Fantasy literature |
| Form subdivision |
Juvenile. |
| 700 1# - ADDED ENTRY--PERSONAL NAME |
| Personal name |
Baynes, Pauline, |
| Relator term |
ill. |
| 942 ## - ADDED ENTRY ELEMENTS (KOHA) |
| Source of classification or shelving scheme |
|
| Koha item type |
Books - Fiction |